000 00337nam a2200145Ia 4500
008 230711s9999||||xx |||||||||||||| ||und||
041 _aENG
082 _a621
_bNA-G
100 _aNarayan,R. K.
245 4 _aThe guide
250 _a1st Ed.
260 _c1990
_aNew Delhi
_bIndian Thought Publications
650 _aLiterature
942 _cBK
999 _c210
_d210